| 000 -ლიდერი |
| ფიქსირებული სიგრძის საკონტროლო ველი |
01769nam a2200325Ia 4500 |
| 001 - საკონტროლო ნომერი |
| საკონტროლო ველი |
22182 |
| 003 - საკონტროლო ნომრის იდენტიფიკატორი |
| საკონტროლო ველი |
GE_BSU |
| 005 - ბოლო ოპერაციის თარიღი და დრო |
| საკონტროლო ველი |
20221212163340.0 |
| 008 - ფიქსირებული სიგრძის მონაცემთა ელემენტები - ზოგადი ინფორმაცია |
| ფიქსირებული სიგრძის საკონტროლო ველი |
181216s ||||ge |||||||||||||| ||geo|| |
| 020 ## - წიგნის საერთაშორისო სტანდარტული ნომერი |
| International Standard Book Number |
9789941261251 |
| 040 ## - კატალოგიზაციის წყარო |
| Transcribing agency |
GE_BSU |
| 041 ## - ენის კოდი |
| Language code of text/sound track or separate title |
geo |
| 080 ## - უნივერსალური ათობითი კლასიფიკაციის ინდექსი |
| Universal Decimal Classification number |
004:005.22(075.8) მ-40 |
| 100 ## - მთავარი ჩანაწერი - პიროვნების სახელი |
| Personal name |
მაღრაძე, მურთაზ |
| 9 (RLIN) |
16360 |
| 245 ## - ცნობა სათაურის შესახებ |
| Title |
ინფორმაციული მენეჯმენტი : |
| Remainder of title |
[სახელმძღვანელო] / |
| Statement of responsibility, etc |
რედაქტორი ენვერ ლაგვილავა. |
| 250 ## - გამოცემის ცნობა |
| Edition statement |
მე-2 გადამუშავებული და შევსებული გამოცემა |
| 264 ## - წარმოების, გამოცემის, დისტრიბუციის და სხვა ცნობები |
| გამოცემის, წარმოების, დისტრიბუციის... ადგილი |
თბილისი : |
| გამოცემის, წარმოების, დისტრიბუციის... სახელწოდება |
უნივერსალი, |
| გამოცემის, წარმოების, დისტრიბუციის... თარიღი |
2017. |
| 300 ## - ფიზიკური აღწერა |
| Extent |
538 გვ. : |
| Other physical details |
ცხრ. ; |
| Dimensions |
26 სმ. |
| 500 ## - ზოგადი შენიშვნა |
| General note |
ქართულ-ინგლისური შემოკლებები გვ. : 514-515 |
| 500 ## - ზოგადი შენიშვნა |
| General note |
საგნობრივი საძიებელი გვ. : 516-525 |
| 504 ## - BIBLIOGRAPHY, ETC. NOTE |
| Bibliography, etc |
ბიბლიოგრაფია გვ. : 526-530 |
| 653 ## - INDEX TERM--UNCONTROLLED |
| Uncontrolled term |
ინფორმაციული მენეჯმენტი |
| 653 ## - INDEX TERM--UNCONTROLLED |
| Uncontrolled term |
მენეჯმენტი |
| 653 ## - INDEX TERM--UNCONTROLLED |
| Uncontrolled term |
საინფორამციო ტექნოლოგიები |
| 653 ## - INDEX TERM--UNCONTROLLED |
| Uncontrolled term |
საინფორმაციო სისტემების მენეჯმენტი |
| 700 ## - ADDED ENTRY--PERSONAL NAME |
| Personal name |
ლაგვილავა, ენვერ |
| Relator term |
რედაქტორი |
| 9 (RLIN) |
16361 |
| 710 ## - ADDED ENTRY--CORPORATE NAME |
| Corporate name or jurisdiction name as entry element |
ჯავახიშვილის სახელობის თბილისის სახელმწიფო უნივერსიტეტი |
| 9 (RLIN) |
16362 |
| 942 ## - ADDED ENTRY ELEMENTS (KOHA) |
| Koha item type |
წიგნი |
| Source of classification or shelving scheme |
|